Regional aspects of the SAPARD programme implementation in the Slovak Republic

Analýza regionálnych rozložení schválených a ukončených projektov programu SAPARD do roku 2004 v Slovenskej republike. Rozdeľovanie finančných prostriedkov prebiehalo výrazne v prospech ekonomicky silných subjektov, ktorí si tak výrazne zvyšovali svoju konkurencieschopnosť, rast produktivity práce s...

Descrizione completa

Salvato in:
Dettagli Bibliografici
Autore principale: Buchta, Stanislav
Natura: Capitolo di libro
Lingua:inglese
Soggetti:
Tags: Aggiungi Tag
Nessun Tag, puoi essere il primo ad aggiungerne!!

MARC

LEADER 00000naa$a2200000$$$4500
001 0038054
005 20231113141638.9
041 0 |a eng 
044 |a CZ 
245 1 0 |a Regional aspects of the SAPARD programme implementation in the Slovak Republic  |c Stanislav Buchta 
520 |a Analýza regionálnych rozložení schválených a ukončených projektov programu SAPARD do roku 2004 v Slovenskej republike. Rozdeľovanie finančných prostriedkov prebiehalo výrazne v prospech ekonomicky silných subjektov, ktorí si tak výrazne zvyšovali svoju konkurencieschopnosť, rast produktivity práce s vysokým predpokladom návratnosti investícií. Výrazna väčšina schválených finančných prostriedkov projektov programu SAPARD sa rozložila do západných a južných regiónov Slovenska, východné Slovensko sa tak dostáva do znevýhodnenej pozície menšinového príjemcu finančných podpor. 
610 2 0 |a poľnohospodárstvo 
610 2 0 |a podpory 
610 2 0 |a prostriedky peňažné 
610 2 0 |a projekty investičné 
610 2 0 |a programy investičné 
610 2 0 |a SAPARD 
610 2 0 |a pomoc zahraničná 
610 2 0 |a vývoj regionálny 
610 2 0 |a Slovensko 
100 1 |a Buchta, Stanislav